000 00934cam a2200229 a 4500
001 000008438
005 20200929161337.0
008 971104s1997 ck a b 001 0 spa d
040 _aDO-SdBNP
_bspa
_cBNPHU
082 _aC863.1
_bR696c
100 1 _aRodríguez Freyle, Juan,
_d1566-1640.
_922724
245 1 3 _aEl carnero :
_bsegún el otro manuscrito de Yerbabuena /
_cJuan Rodríguez Freile ; edición, introducción y notas de Mario Germán Romero.
260 _aSantafé de Bogotá :
_bInstituto Caro y Cuervo,
_c1997.
300 _alxxxix, 367 p. :
_bil. ;
_c22 cm.
490 1 _aBiblioteca colombiana
_v41
504 _aIncluye referencias bibliográficas y notas al pie de las páginas.
650 4 _aCuentos colombianos
_921475
650 4 _aLiteratura colombiana
_91244
651 4 _aColombia
_xHistoria
_yHASTA 1810
_922725
651 4 _aBogotá (Colombia{Rpara}
_xHistoria
_918423
700 1 _aRomero, Mario Germán,
_eed.
_918394
999 _c8209
_d8209